Exploratory data analysis with MATLAB (Record no. 9809)
[ view plain ]
| 000 -LEADER | |
|---|---|
| fixed length control field | 00519 a2200169 4500 |
| 020 ## - INTERNATIONAL STANDARD BOOK NUMBER | |
| International Standard Book Number | 1584883669 |
| 040 ## - CATALOGING SOURCE | |
| Original cataloging agency | DLC |
| Language of cataloging | DLC |
| 082 00 - DEWEY DECIMAL CLASSIFICATION NUMBER | |
| Classification number | 519.535 |
| 100 1# - MAIN ENTRY--PERSONAL NAME | |
| Personal name | Martinez, Wendy L. |
| 245 10 - TITLE STATEMENT | |
| Title | Exploratory data analysis with MATLAB |
| Statement of responsibility, etc. | Wendy L. Martinez, Angel R. Martinez. |
| 260 ## - PUBLICATION, DISTRIBUTION, ETC. | |
| Place of publication, distribution, etc. | Boca Raton, Fla. : |
| Name of publisher, distributor, etc. | Chapman & Hall/CRC, |
| Date of publication, distribution, etc. | c2005. |
| 300 ## - PHYSICAL DESCRIPTION | |
| Extent | xv, 405 p. : |
| Other physical details | ill. ; |
| Dimensions | 24 cm. |
| 650 #0 - SUBJECT ADDED ENTRY--TOPICAL TERM | |
| Topical term or geographic name entry element | Multivariate analysis. |
| 650 #0 - SUBJECT ADDED ENTRY--TOPICAL TERM | |
| Topical term or geographic name entry element | Mathematical statistics. |
| 700 1# - ADDED ENTRY--PERSONAL NAME | |
| Personal name | Martinez, Angel R. |
| 942 ## - ADDED ENTRY ELEMENTS (KOHA) | |
| Koha item type | Book |
| Call number prefix | 519.535 MAR |
| Source of classification or shelving scheme | |
| Withdrawn status | Lost status | Damaged status | Not for loan | Collection code | Permanent Location | Current Location | Shelving location | Date acquired | Source of acquisition | Cost, normal purchase price | Total Checkouts | Total Renewals | Full call number | Barcode | Date last seen | Date last checked out | Price effective from | Koha item type |
|---|---|---|---|---|---|---|---|---|---|---|---|---|---|---|---|---|---|---|
| Central Library (CL) | Central Library (CL) | General Stacks | 08/06/2005 | A & J Def Tek Concultants | 5224.80 | 1 | 1 | 519.535 MAR | SEECS006281 | 04/28/2016 | 03/17/2016 | 01/05/2017 | Book |
